| 000 | 00687cab a2200229 4500 | ||
|---|---|---|---|
| 001 | X3592 | ||
| 008 | 090401t1996 xxu||||| |||| 00| 0 eng d | ||
| 035 | _a(Sirsi) u31367 | ||
| 041 | _aeng | ||
| 245 | _aBritish Steel plc v Wyvern Structures Ltd | ||
| 260 | _c1996 | ||
| 350 | _a0 | ||
| 490 |
_aConstruction Industry Law Letter _v1996 CILL 1174-1175(4) |
||
| 520 | _aHC 17 June 1996. Latent Damage Act. Deliberate concealment. 15 Year longstop. | ||
| 650 | _aDELIBERATE CONCEALMENT | ||
| 650 | _aLATENT DAMAGE ACT 1976 | ||
| 650 | _aLIMITATION ACT 1980 S14B | ||
| 650 | _aPOWER STATIONS | ||
| 690 | _aPROPERTY LAW AND PRACTICE-CASE LAW | ||
| 942 | _n0 | ||
| 948 | _c04/03/1997 | ||
| 999 |
_c21061 _d21061 |
||